000 00824nam a2200253Ia 4500
003 OSt
005 20220918112043.0
006 a|||||r|||| 00| 0
007 ta
008 220915b |||||||| |||| 00| 0 hin d
024 _a268929
037 _cTextbook
040 _bhin
_aARTS
_cARTS
041 _ahin
082 _aO15:gxE51, 152K8
100 _aचतुर्वेदी, व्रजमोहन
245 0 _aमहिमभट्ट
246 _aMahimabhaṭṭa
260 _aदिल्ली
_bनेशनल पब्लिशिंग भारत
_c1968
300 _a347पण्
_ccm.
650 _aहिन्दी साहित्य
942 _hO15:gxE51, 152K8
_cTB
_2CC
999 _c118105
_d118105